| 000 | 00000nam 2200000za 4500 |
| 001 | 9.858127 |
| 003 | CaOODSP |
| 005 | 20230214114544 |
| 007 | cr ||||||||||| |
| 008 | 180626s2018 onc ob f000 0 eng d |
| 020 | |a9780660270067 |
| 040 | |aCaOODSP|beng |
| 043 | |an-cn--- |
| 086 | 1 |aH14-261/2018E-PDF |
| 245 | 00|aCannabis licensing application guide |h[electronic resource] : |bapplication requirements and process to become a licence holder under the Cannabis Act and its regulations. |
| 246 | 30|aApplication requirements and process to become a licence holder under the Cannabis Act and its regulations |
| 260 | |a[Ottawa] : |bGovernment of Canada, |c2018. |
| 300 | |a65 p. |
| 500 | |a"Publication date: June 27, 2018. Implementation date: October 17, 2018." |
| 500 | |aEffective date of this edition : October 17, 2018 – May 7, 2019 (provided by Health Canada). |
| 500 | |aCover title. |
| 500 | |aIssued also in French under title: Guide des demandes de licences liées au cannabis : processus et exigences des demandes en vue de devenir un titulaire de licence en vertu de la Loi sur le cannabis et ses règlements. |
| 504 | |aIncludes bibliographical references. |
| 520 | 4 |aNote the Guide is now an evergreen document and the version in force is available only in HTML format. |
| 520 | |a"This document provides guidance to anyone wishing to apply for a licence ("the applicant") under the Cannabis Act and its Regulations to conduct activities in relation to the following classes and subclasses of licences: cultivation (including licences for micro and standard cultivation or nursery); processing (including licences for micro or standard processing); sale for medical purposes; analytical testing; and research"--Scope, p. 4-5. |
| 693 | 4|aMarijuana |
| 693 | 4|aDrug legalization |
| 693 | 4|aNarcotic control |
| 710 | 1 |aCanada. |bHealth Canada. |
| 775 | 08|tGuide des demandes de licences liées au cannabis |w(CaOODSP)9.858128 |
| 794 | |tCannabis licensing application guide |w(CaOODSP)9.860745 |
| 856 | 40|qPDF|s911 KB|uhttps://publications.gc.ca/collections/collection_2018/sc-hc/H14-261-2018-eng.pdf |
| 856 | 4 |qHTML|sN/A|uhttps://www.canada.ca/en/health-canada/services/drugs-medication/cannabis/industry-licensees-applicants/licensing-summary/guide.html |